| 000 | 01156cam a2200325 a 4500 | ||
|---|---|---|---|
| 999 |
_c29085 _d29056 |
||
| 001 | 14854059 | ||
| 003 | EG-ScBUE | ||
| 005 | 20210419095919.0 | ||
| 008 | 070517t2008 ohua f 001 0 eng d | ||
| 020 | _a9781440330186 | ||
| 040 |
_aDLC _beng _erda _cDLC _dEG-ScBUE |
||
| 082 | 0 | 4 |
_a751.42242 _bPED _222 |
| 100 | 1 |
_aPederson, Jean, _d1962- _eauthor. _938158 |
|
| 245 | 1 | 0 |
_aExpressive portraits : _bwatercolor and mixed media techniques / _cJean Pederson. |
| 264 | 1 |
_aCincinnati, Ohio : _bNorth Light Books, _c[2008] |
|
| 264 | 4 | _cc2008 | |
| 300 |
_a127 pages : _bchiefly illustrations ; _c29 cm |
||
| 336 |
_2rdacontent _atext _btxt |
||
| 337 |
_2rdamedia _aunmediated _bn |
||
| 338 |
_2rdacarrier _avolume _bnc |
||
| 500 | _aIncludes index. | ||
| 650 | 7 |
_aHuman figure in art. _2BUEsh |
|
| 650 | 7 |
_aWatercolor painting _xTechnique. _2BUEsh _937929 |
|
| 650 | 7 |
_aMixed media painting _xTechnique. _2BUEsh |
|
| 653 |
_bGGEN _cApril2021 |
||
| 655 |
_vReading book _934232 |
||
| 906 |
_a7 _bcbc _corignew _d1 _eecip _f20 _gy-gencatlg |
||
| 942 |
_2ddc _cBB |
||